Statistics for Money Vocabulary Words in Spanish

Click here to take the quiz!

General Stats

  • This quiz has been taken 3,115 times
    (3,114 since last reset)
  • The average score is 12 of 20

Answer Stats

HintAnswer% Correct
bank banco
93%
moneydinero
91%
how much?¿cuánto?
83%
euroseuros
82%
where is the bank?¿dónde está el banco?
81%
dollarsdólares
78%
it's too expensivees demasiado caro
71%
it's cheapes barato
69%
account cuenta
69%
changecambio
57%
depositdepósito
56%
credit cardtarjeta de crédito
55%
check, pleasela cuenta, por favor
50%
checkcheque
50%
coinsmonedas
47%
cashefectivo
37%
tippropina
33%
receiptrecibo
31%
ATMcajero automático
22%
withdrawalretiro
11%

Score Distribution

Percentile by Number Answered

Percent of People with Each Score

Your Score History

You have not taken this quiz since the last reset